000 00865nam a2200253Ia 4500
003 OSt
005 20220923211214.0
006 a|||||r|||| 00| 0
007 ta
008 220922b |||||||| |||| 00| 0 hin d
020 _a9788126317172 (hbk)
_c160
024 _a246,483
037 _b0/00922-D5, 08/03/2011, Bharatiya Gyanpith
_cTextual
040 _aARTS
_cARTS
_bhin
041 _2hin
_ahin
082 _aO152,1N50x, P9
100 _aशुक्ल, दिनेश कुमार
_9159622
245 0 _aआखर अरथ
246 _aĀkhar aratha
260 _aदिल्ली
_b भारतीय ज्ञानपीठ
_c2009
300 _a188पृ.
_ccm.
942 _hO152,1N50x, P9
_cTEXL
_2CC
999 _c296829
_d296829